Woodroffe and Amir Ali: Law of Evidence (Record no. 213556)
[ view plain ]
| 000 -LEADER | |
|---|---|
| fixed length control field | 00738nam a22002057a 4500 |
| 005 - DATE AND TIME OF LATEST TRANSACTION | |
| control field | 20251001150825.0 |
| 010 ## - LCCN (DPL NO) | |
| LC control number | ENG-146924-927 |
| 020 ## - INTERNATIONAL STANDARD BOOK NUMBER | |
| International Standard Book Number | 9789349015579(Set of 4 Vols) |
| Terms of availability | 12500.00 |
| 035 ## - SYSTEM CONTROL NUMBER | |
| System control number | EN-130456-459 |
| 037 ## - SOURCE OF ACQUISITION | |
| Source of stock number/acquisition | DBAD |
| Stock number | DPL |
| 082 ## - DEWEY DECIMAL CLASSIFICATION NUMBER | |
| Classification number | 347.5406 |
| Edition number | 22 |
| 245 ## - TITLE STATEMENT | |
| Title | Woodroffe and Amir Ali: Law of Evidence |
| 250 ## - EDITION STATEMENT | |
| Edition statement | 22 |
| 260 ## - PUBLICATION, DISTRIBUTION, ETC. (IMPRINT) | |
| Place of publication, distribution, etc | Gurgaon |
| Name of publisher, distributor, etc | Lexis Nexis |
| Date of publication, distribution, etc | 2025 |
| 270 ## - ADDRESS | |
| Address | 14th floor building no 10, tower-B, DLF cyber city, phase-II |
| City | Gurgaon |
| Postal code | 122002 |
| 300 ## - PHYSICAL DESCRIPTION | |
| Extent | cccxxxvii,5822p. |
| Dimensions | 25cm(hb) |
| 490 ## - SERIES STATEMENT | |
| Volume number/sequential designation | Vol 1, Vol 2,Vol 3, Vol 4 |
| 500 ## - GENERAL NOTE | |
| General note | Section 1 to 23 (Vol 1)<br/>Section 24 to 93 (Vol 2)<br/>Section 94 to 120 (Vol 3)<br/>Section 121 to 170 (Vol 4) |
| 942 ## - ADDED ENTRY ELEMENTS (KOHA) | |
| Source of classification or shelving scheme | Dewey Decimal Classification |
| Item type | English Books |
| Classification part | 347.5406 |
| Call number suffix | LAW |
| Edition | 1 |
| Withdrawn status | Lost status | Materials specified (bound volume or other part) | Not for loan | Collection code | Home library | Current library | Date acquired | Source of acquisition | Cost, normal purchase price | Full call number | Barcode | Cost, replacement price | Koha item type | Copy number |
|---|---|---|---|---|---|---|---|---|---|---|---|---|---|---|
| VOL-1 | Not For Loan | Reference | Central Library | Central Library | 01/10/2025 | Delivery of Books Act Division | 3125.00 | 347.5406 LAW | EN-130456 | 3125.00 | English Books | |||
| VOL-2 | Not For Loan | Reference | Central Library | Central Library | 01/10/2025 | Delivery of Books Act Division | 3125.00 | 347.5406 LAW | EN-130457 | 3125.00 | English Books | 1 | ||
| VOL-3 | Not For Loan | Reference | Central Library | Central Library | 01/10/2025 | Delivery of Books Act Division | 3125.00 | 347.5406 LAW | EN-130458 | 3125.00 | English Books | 1 | ||
| VOL-4 | Not For Loan | Reference | Central Library | Central Library | 01/10/2025 | Delivery of Books Act Division | 3125.00 | 347.5406 LAW | EN-130459 | 3125.00 | English Books | 1 |
